01665nab a2200373 i 450000100060000000300080000600500170001400600190003100700150005000800410006502200140010603500220012004000310014205000220017308000110019508200120020624501600021831000140037833600310039233700330042333800430045636200390049958001020053858800830064059001620072365000400088565000590092565500320098470000340101677301450105079700180119585600610121399900170127494098FINmELB20241217172244.0m o u cr cn|||||||||200630c20039999mx br p o 0 0spa d a0036-3634 a(OCoLC)1164334994 aFINmELBbspaerdacFINmELB14aRA421b.T465 2003 a61(05)04a61022300aTeniosis y detección de anticuerpos anticisticerco en personas de una comunidad rural del estado de Guerrero /cJosé Juan Martínez-Maya [y otros 5]. aBimestral atextobtxt2rdacontent/spa acomputadorabc2rdamedia/spa arecurso en líneabcr2rdacarrier/spa0 ano. 2, vol. 45 (Marzo-Abril 2003)- aDescripción basada en Salud pública de México, no. 2, vol. 45 (Marzo-Abril 2003), P. 84-89. aDescripción basada en metadatos suministrados por el editor y otras fuentes. aRecurso electrónico. Santa Fe, Arg.: elibro, 2020. Disponible vía World Wide Web. El acceso puede estar limitado para las bibliotecas afiliadas a elibro. 0aPublic healthzMexicovPeriodicals. 4aSalud públicazMéxicovPublicaciones periódicas. 4aArtículos electrónicos.1 aMartínez-Maya, José Juan.1 tSalud pública de México.xISSN 0036-3634dCuernavaca, México : Instituto Nacional de Salud Pública.gno. 2, vol. 45 (2003), p. 84-892 aelibro, Corp.40uhttps://elibro.net/ereader/politecnicointernacional/3387 c94098d94098